01198nam a2200241Ia 4500003000400000005001700004008004100021040002100062041000800083082002600091110008800117245014100205260005200346300002900398504003900427505020500466650003200671650003600703650005700739942001200796999001700808952013100825OSt20210923115404.0210310s1987 ck gr 000 0 spa d aCO-JMCRcCO-JMCR0 aspa04a338.9861 /bF293i2232 aInstituto de Fomento Industrial Ministerio de Desarrollo Económico eautor94074510aIndustria colombiana: balternativas para una nueva estrategia / cInstituto de Fomento Industrial Ministerio de Desarrollo Económico  aBogotá : bNueva Colombia Industrial, c1987. a267 páginas ; c23 cm. aBibliografía : páginas 238-2400 tPosibilidades de impulsar una nueva estrategia de industrialización. / rLuis Gustavo Flórez. -- tLa evolución y situación de la industria colombiana. -- tEstrategias de industrialización.14aIndustria zColombia94074624aSituación industrial. 94074724aNuevas estrategias vtecnologías zColombia940748 2ddccBK c12510d12510 00102ddc4070aCPLbCPLcGENd2018-04-15eDonacióno338.9861 / F293ip430005512r2024-05-16 00:00:00tEj.1w2021-03-10yBK